[Event "Gibraltar Open"]
[Site "Caleta ENG"]
[Date "2012.01.25"]
[Round "2.120"]
[White "Reppen,E"]
[Black "Whatley,Stephen A J"]
[Result "1-0"]
[WhiteElo "1948"]
[BlackElo "1648"]

1.e4 c5 2.Nf3 Nc6 3.d4 cxd4 4.Nxd4 e6 5.Nc3 Nf6 6.Be3 Bb4 7.Bd3 Qa5 8.O-O Nxd4
9.Bxd4 e5 10.a3 exd4 11.axb4 Qxb4 12.Nb5 O-O 13.Nc7 Rb8 14.e5 Ne8 15.Nd5 Qc5
16.c4 dxc3 17.b4 c2 18.Bxc2 Qc4 19.Bxh7+ Kh8 20.Qh5 Nf6 21.exf6  1-0

[Event "11th Marienbad IMB2"]
[Site "Marianske Lazne CZE"]
[Date "2012.01.25"]
[Round "6"]
[White "Macicek,Jak"]
[Black "Kulicov,O"]
[Result "0-1"]
[WhiteElo "2159"]
[BlackElo "2425"]

1.e4 c5 2.Nf3 Nc6 3.d4 cxd4 4.Nxd4 e6 5.Nc3 Qc7 6.Be3 a6 7.Qd2 Nf6 8.O-O-O Bb4
9.f3 b5 10.Bf4 Ne5 11.Kb1 Be7 12.g4 O-O 13.h4 d6 14.Be3 Nfd7 15.Bg5 Nb6 16.Bxe7 Qxe7
17.g5 b4 18.Nce2 d5 19.Ng3 dxe4 20.f4 Nec4 21.Qe1 Bb7 22.Nxe4 Rfd8 23.Rg1 Rac8
24.h5 Nxb2 25.Kxb2 Bxe4 26.Qxe4 Na4+ 27.Kc1 Nc3  0-1

[Event "ch-Belgrade w 2012"]
[Site "Belgrade SRB"]
[Date "2012.01.27"]
[Round "6.5"]
[White "Markovic,Ta"]
[Black "Miladinovic,L"]
[Result "0-1"]
[WhiteElo "1807"]
[BlackElo "2078"]

1.e4 c5 2.Nf3 e6 3.d4 cxd4 4.Nxd4 Nc6 5.Nc3 Qc7 6.Be2 Nf6 7.Be3 Be7 8.Qd2 a6
9.f4 d6 10.O-O-O Nd7 11.f5 Nde5 12.g4 b5 13.Bf4 Nxd4 14.Qxd4 Bd7 15.h4 Rb8
16.Bd3 b4 17.Ne2 Nxd3+ 18.Rxd3 e5 19.Qe3 exf4 20.Nxf4 Qc5 21.Qf3 Rc8 22.Qg2 Bf6
23.Nd5 Be5 24.Kb1 Bc6 25.g5 Bxd5 26.Rxd5 Qe3 27.g6 fxg6 28.fxg6 Qg3 29.Qe2 O-O
30.gxh7+ Kh8 31.Qxa6 Qg2 32.Rc1 Qxe4 33.Rdd1 Qc4 34.Qb7 Ra8  0-1

[Event "17th HIT Open A"]
[Site "Nova Gorica SLO"]
[Date "2012.01.27"]
[Round "1"]
[White "Bratkovic,Sham"]
[Black "Jovanic,O"]
[Result "0-1"]
[WhiteElo "1888"]
[BlackElo "2483"]

1.e4 c5 2.Nf3 e6 3.d4 cxd4 4.Nxd4 Nc6 5.Nc3 Qc7 6.Be3 Nf6 7.Be2 a6 8.O-O Bb4
9.Na4 Be7 10.Nxc6 bxc6 11.Nb6 Rb8 12.Nxc8 Qxc8 13.Bd4 c5 14.Be5 Rb6 15.b3 O-O
16.Bd3 d6 17.Bb2 Nd7 18.f4 Bf6 19.e5 dxe5 20.fxe5 Bxe5 21.Bxe5 Nxe5 22.Bxh7+ Kxh7
23.Qh5+ Kg8 24.Qxe5 f6 25.Qe3 Rd6 26.Rad1 Qd7 27.Rd3 Rd4 28.Rfd1 Rd8 29.Kf2 e5
30.Ke1 Qd5 31.Qe2 a5 32.R3d2 e4 33.Qe3 Kf7 34.h4 Rd7 35.a3 Rd6 36.g4 Qe5
37.Kf1 Ke6 38.Ke1 R6d5 39.Kf1 g6 40.Ke1 f5 41.gxf5+ gxf5 42.Qh6+ Kd7 43.Qh7+ Kc6
44.Qg6+ Rd6 45.Qg8 Kc7 46.Rxd4 cxd4 47.Qc4+ Kb7 48.Qf7+ Kb6 49.Qg8 Rd7 50.b4 Ka7
51.Qg6 Rg7 52.Qc6 Qg3+  0-1

[Event "11th Marienbad IMB2"]
[Site "Marianske Lazne CZE"]
[Date "2012.01.28"]
[Round "9"]
[White "Vlasak,Lu"]
[Black "Plat,V"]
[Result "1/2-1/2"]
[WhiteElo "2292"]
[BlackElo "2425"]

1.e4 c5 2.Nf3 e6 3.d4 cxd4 4.Nxd4 Nc6 5.Nc3 a6 6.Be2 Nf6 7.O-O Be7 8.Be3 Qc7
9.a4 O-O 10.f4 d6 11.Kh1 Bd7 12.Nb3 Na5 13.e5 Ne8 14.Nxa5 Qxa5 15.Bf3 Bc6
16.Bxc6 bxc6 17.Qf3 d5 18.Ne2 Qc7 19.c3 a5 20.Nd4 Rb8 21.f5 Qd7 22.f6 Nxf6
23.exf6 Bxf6 24.Qe2 e5 25.Nf5 Rfe8 26.Rad1 Qe6 27.Bc1 c5 28.Qg4 d4 29.Rfe1 e4
30.Nh6+ Kh8 31.Qxe6 Rxe6 32.Ng4 d3 33.Ne3 Bg5 34.Kg1 f5 35.Rf1 g6 36.Nxf5 Bxc1
37.Ne3 Kg7 38.Rxc1 Rxb2 39.Rb1 Reb6 40.Rxb2 Rxb2 41.Re1 Ra2 42.Nc4 Rc2 43.Kf1 e3
44.Nxe3 Rxc3 45.Rb1 Ra3 46.Rb2 Rxa4 47.Ke1 Kf6 48.Kd2 Ke5 49.Kxd3 Ra3+ 50.Ke2 Ke4
51.Nc4 Ra4 52.Nd2+ Kd5 53.Rc2 g5  1/2-1/2

[Event "Moscow Open A 2012"]
[Site "Moscow RUS"]
[Date "2012.01.28"]
[Round "1"]
[White "Khairullin,I"]
[Black "Aldokhin,I"]
[Result "1-0"]
[WhiteElo "2638"]
[BlackElo "2376"]

1.e4 c5 2.Nf3 e6 3.d4 cxd4 4.Nxd4 Nc6 5.Nc3 Qc7 6.Be2 Nf6 7.Be3 a6 8.O-O Be7
9.f4 d6 10.Kh1 O-O 11.Qe1 Bd7 12.Qg3 b5 13.a3 Rac8 14.e5 dxe5 15.fxe5 Nxe5
16.Rxf6 Bxf6 17.Bf4 Qb6 18.Bxe5 Bxe5 19.Qxe5 Rfd8 20.Bd3 Bc6 21.Nxc6 Rxc6
22.Rf1 Qc5 23.Qf4 f5 24.Re1 Qd4 25.Qxd4 Rxd4 26.Kg1 Kf7 27.Kf2 g6 28.h3 h5
29.g3 h4 30.Ke3 Rd8 31.g4 Kf6 32.Rf1 Kg5 33.Rg1 Kf6 34.Ne2 Rc5 35.Rf1 Rd6
36.Nf4 e5 37.Nxg6 f4+ 38.Ke2 Rxd3 39.Nxf4 exf4 40.Kxd3 Kg5 41.Rf3 Re5 42.Kd2 Re4
43.Rd3 Re5 44.b3 Rc5 45.Rd8 Re5 46.Rg8+ Kh6 47.Rh8+ Kg6 48.Rxh4 Rd5+ 49.Ke2 Rc5
50.Kd3 Rd5+ 51.Ke4 Rc5 52.Kd3 Rd5+ 53.Ke4 Rc5 54.Rh5 Rxc2 55.Rd5 f3 56.Kxf3 Rc3+
57.Ke4 Rxb3 58.Rd3 Rb1 59.Rd6+ Kg5 60.Rxa6 Rb3 61.Rb6 Kh4 62.a4 Rb4+ 63.Kf5 Kxh3
64.axb5  1-0

[Event "Moscow Open A 2012"]
[Site "Moscow RUS"]
[Date "2012.01.28"]
[Round "1"]
[White "Aitbayev,A"]
[Black "Timofeev,Arty"]
[Result "0-1"]
[WhiteElo "2386"]
[BlackElo "2659"]

1.e4 c5 2.Nf3 e6 3.d4 cxd4 4.Nxd4 Nc6 5.Nc3 Qc7 6.Be3 Nf6 7.Qd2 Nxd4 8.Qxd4 Ng4
9.O-O-O Nxe3 10.fxe3 a6 11.e5 Bc5 12.Qe4 Rb8 13.Bd3 b5 14.Qf4 Bb7 15.Rhf1 O-O
16.Ne4 Bxe4 17.Qxe4 g6 18.h4 d6 19.exd6 Bxd6 20.h5 Be5 21.hxg6 hxg6 22.g4 Bg7
23.Rf3 a5 24.Rh1 a4 25.g5 Rfd8 26.Rhf1 Rd7 27.Qf4 Qe5 28.Qxe5 Bxe5 29.b3 a3
30.Kd2 b4 31.Ke2 Rc8 32.Rg1 Rc3 33.Rg4 Bd6 34.Rh3 Rc5 35.Kf3 Re5 36.Rhg3 Be7
37.Rg1 Kg7 38.Kf4 Ra5 39.R1g2 Rd8 40.Rh4 Rdd5 41.Rhg4 Rd8 42.Rh4 Rb8 43.Rg1 Rc8
44.Rg2 Rac5 45.Rh1 Rd8 46.Rh4 Rcd5 47.Rg1 Bd6+ 48.Kf3 Bc5 49.Rg2 Re5 50.e4 Bd4
51.Kf4 Rc5 52.Rh3 Ra8 53.Rh4 Raa5 54.Rhg4 Kf8 55.Rh4 Bb2 56.Rh1 Kg7 57.Rg4 Bc3
58.Rd1 Ra8 59.Rh4 Rd8 60.Rh3 Ra8 61.Rh4 Be5+ 62.Kf3 Rd8 63.Rh3 Bd6 64.Rg1 Rdc8
65.Rh4 Ra5 66.Rg2 Rcc5 67.Rhg4 Be5 68.Rg1 Kf8 69.Rd1 Ke7 70.Bc4 Bc3 71.Kf4 Be5+
72.Kf3 Bg7 73.Kf4 Bb2 74.Rg2 Be5+ 75.Kf3 Bc3 76.Kf4 Ra8 77.Rh1 Be5+ 78.Kf3 Rd8
79.Bd3 Rcc8 80.Rg4 Bc3 81.Ke3 Bb2 82.Kd2 Be5 83.Ke3 Bd4+ 84.Kf3 Bb2 85.Rgh4 Rc5
86.Kf4 Bc1+ 87.Rxc1 Rxd3 88.cxd3 e5+ 89.Ke3 Rxc1 90.Rh8 Re1+ 91.Kf3 Rf1+
92.Ke3 Rg1 93.Rb8 Rxg5 94.Rxb4 Rg2 95.d4 Rxa2 96.dxe5 Ra1  0-1

[Event "74th Tata Steel GMC"]
[Site "Wijk aan Zee NED"]
[Date "2012.01.28"]
[Round "12"]
[White "Paehtz,E"]
[Black "Haast,A"]
[Result "1/2-1/2"]
[WhiteElo "2454"]
[BlackElo "2290"]

1.e4 c5 2.Nf3 e6 3.d4 cxd4 4.Nxd4 Nc6 5.Nc3 Qc7 6.f4 a6 7.Nxc6 Qxc6 8.Bd3 b5
9.Qe2 Bb7 10.Bd2 b4 11.Nd5 f5 12.c4 Kf7 13.Nxb4 Bxb4 14.Bxb4 fxe4 15.Bc2 Nf6
16.Bc3 Rhc8 17.b3 d5 18.Be5 Qc5 19.Rd1 dxc4 20.bxc4 Qxc4 21.Qxc4 Rxc4 22.Bb3 Rc5
23.Bd4 Rb5 24.Rc1 Rd8 25.Rc7+ Kg6 26.Be5 Bd5 27.Bc2 Rd7 28.Rc3 Rb4 29.O-O Rc4
30.Rg3+ Kf7 31.Bb3 Rc8 32.Ba4 Rb7 33.Ra3 Rb4 34.h3 Rcc4 35.Bb3 Rc6 36.Ba4 Rcc4
37.Bb3 Rc6 38.Ba4  1/2-1/2

[Event "ch-TUR 2012"]
[Site "Kemer TUR"]
[Date "2012.01.29"]
[Round "1"]
[White "Demirag,Batuhan"]
[Black "Gucin,Z"]
[Result "0-1"]
[WhiteElo "1624"]
[BlackElo "2136"]

1.e4 c5 2.Nf3 Nc6 3.d4 cxd4 4.Nxd4 e6 5.Nc3 Qc7 6.Be3 a6 7.Bd3 Nf6 8.O-O Ne5
9.h3 Nc4 10.Bxc4 Qxc4 11.Qd3 Qc7 12.f4 d6 13.Rad1 Be7 14.Kh1 b5 15.a3 Bb7
16.f5 e5 17.Nb3 h6 18.Nd2 Rc8 19.Bg1 O-O 20.Rf3 Rfd8 21.Qe2 d5 22.exd5 Nxd5
23.Nxd5 Rxd5 24.c3 Rcd8 25.Be3 Qd6 26.Rg3 Bh4 27.Rg4 Bg5 28.Re1 Rxd2 29.Bxd2 Qxd2
30.Qxd2 Rxd2 31.Rxe5 Rxb2 32.Rc5 Be7 33.Re5 Rb1+  0-1

[Event "Moscow Open Women 2012"]
[Site "Moscow RUS"]
[Date "2012.01.29"]
[Round "2.3"]
[White "Bodnaruk,A"]
[Black "Nikitina,E"]
[Result "1-0"]
[WhiteElo "2419"]
[BlackElo "2104"]

1.e4 c5 2.Nc3 e6 3.Nge2 Nc6 4.d4 cxd4 5.Nxd4 Nf6 6.Ndb5 a6 7.Nd6+ Bxd6 8.Qxd6 Qe7
9.Bf4 h6 10.O-O-O e5 11.Be3 Qxd6 12.Rxd6 O-O 13.Bc5 Re8 14.Be2 Re6 15.Rd2 b5
16.f3 Nd8 17.a4 bxa4 18.Nxa4 Rc6 19.Bd6 Nb7 20.Bxe5 d6 21.Bxf6 gxf6 22.g4 Be6
23.Rhd1 Rac8 24.Kb1 Kf8 25.f4 Nc5 26.Nxc5 Rxc5 27.b3 R8c6 28.f5 Bc8 29.Rxd6 Rxc2
30.Rxf6 Rc7 31.Rxh6 Kg7 32.g5 f6 33.Bc4  1-0

[Event "Moscow Open 2012 A"]
[Site "Moscow RUS"]
[Date "2012.01.29"]
[Round "2.50"]
[White "Bukavshin,I"]
[Black "Ganzhurov,R"]
[Result "1-0"]
[WhiteElo "2517"]
[BlackElo "2317"]

1.e4 c5 2.Nf3 e6 3.d4 cxd4 4.Nxd4 Nc6 5.Nc3 d6 6.Be3 Nf6 7.f3 Be7 8.Qd2 O-O
9.O-O-O a6 10.g4 Qc7 11.g5 Nd7 12.h4 Nde5 13.f4 Nxd4 14.Qxd4 Ng4 15.Bg1 b5
16.Be2 b4 17.Na4 e5 18.Qb6 Qd7 19.Nc5 Qe8 20.Nd3 Qa4 21.f5 Bxf5 22.exf5 Rfc8
23.Kd2 Rxc2+ 24.Ke1 e4 25.Nf4 Ne5 26.Bd4 Nf3+ 27.Kf1 Rxe2 28.Kxe2 Qc2+ 29.Ke3 Ne5
30.Bxe5 dxe5 31.Ne6 fxe6 32.Qxe6+ Kf8 33.Rd2 Qc5+ 34.Kxe4 Re8 35.f6 Bxf6
36.Qd6+ Be7 37.Rf1+ Kg8 38.Qxc5 Bxc5 39.Rd5 Bd4 40.Rd7 Bc5 41.Rc1 Bf8 42.Rdc7 Re6
43.Rc8  1-0

[Event "74th Tata Steel GMB"]
[Site "Wijk aan Zee NED"]
[Date "2012.01.29"]
[Round "13"]
[White "Tiviakov,S"]
[Black "Cmilyte,V"]
[Result "1-0"]
[WhiteElo "2677"]
[BlackElo "2503"]

1.e4 c5 2.Nc3 e6 3.Nf3 Nc6 4.d4 cxd4 5.Nxd4 Nf6 6.a3 d5 7.Bb5 Bd7 8.exd5 exd5
9.O-O Be7 10.Nde2 a6 11.Ba4 Bg4 12.Be3 O-O 13.f3 Be6 14.Bb3 Na5 15.Nd4 Nxb3
16.Nxb3 Qc7 17.Qd4 Bd6 18.Qh4 Rfe8 19.Nd4 Be7 20.Nce2 Bd7 21.Qf2 Bd6 22.g3 Bc5
23.Rfe1 Re7 24.c3 Rae8 25.Nf4 Ba7 26.Qd2 h5 27.h4 Bb8 28.Bf2 Qc4 29.Rxe7 Rxe7
30.Kg2 Bd6 31.Nfe2 Bb5 32.Be3 Qd3 33.Qxd3 Bxd3 34.Kf2 g6 35.Nf4 Bc4 36.b3 Bb5
37.Nxb5 axb5 38.Rd1 Bxa3 39.b4 Re8 40.Bd4 Nd7 41.Nxd5 Ra8 42.Nc7 Ra4 43.Re1 f6
44.Nxb5 Bb2 45.Re8+  1-0

[Event "TCh-HUN 2011-12"]
[Site "Zalaegerszeg HUN"]
[Date "2012.01.29"]
[Round "5"]
[White "Madl,I"]
[Black "Csonka,A1"]
[Result "1/2-1/2"]
[WhiteElo "2399"]
[BlackElo "2380"]

1.e4 c5 2.Nf3 e6 3.d4 cxd4 4.Nxd4 Nc6 5.Nc3 Qc7 6.g3 a6 7.Bg2 h5 8.h3 h4
9.g4 Nge7 10.Nde2 Ng6 11.O-O Bc5 12.Kh1 b5 13.a3 Bb7 14.f4 Rd8 15.Qe1 Nce7
16.Ng1 Ba7 17.Be3 Bb8 18.Qf2 O-O 19.Rad1 d5 20.exd5 Nxd5 21.Nxd5 Bxd5 22.Bxd5 Rxd5
23.Rxd5  1/2-1/2

[Event "Moscow Open Women 2012"]
[Site "Moscow RUS"]
[Date "2012.01.30"]
[Round "3.7"]
[White "Bivol,A"]
[Black "Manakova,M"]
[Result "1/2-1/2"]
[WhiteElo "2148"]
[BlackElo "2319"]

1.e4 c5 2.Nf3 Nc6 3.d4 cxd4 4.Nxd4 e6 5.Nc3 a6 6.Be2 Qc7 7.O-O Nf6 8.Kh1 b5
9.Bf3 Bb7 10.Bg5 Be7 11.a4 b4 12.Na2 Qe5 13.Bxf6 Qxf6 14.Nxc6 Bxc6 15.c3 a5
16.Rc1 Qe5 17.cxb4 axb4 18.b3 Bd6 19.g3 h5 20.Bg2 Be7 21.f4 Qb2 22.Qc2 Qxc2
23.Rxc2 h4 24.gxh4 Rxh4 25.e5 Bxg2+ 26.Kxg2 d6 27.Nxb4 dxe5 28.Nd3 e4 29.Ne5 f6
30.Nc4 Kf7 31.h3 Rg8 32.Rc3 g5 33.fxg5 Rxg5+ 34.Rg3 Rd5 35.a5 f5 36.a6 Bc5
37.Rg4 Rh7 38.Rxe4 Rh8 39.Re5 Rg8+ 40.Kh1 Rd3 41.Rexf5+ Ke8 42.R5f3 Rxf3
43.Rxf3 Rg1+ 44.Kh2 Ra1 45.b4 Bxb4 46.Rb3 Bc5 47.Rb5 Bd4 48.Ra5 Rxa5 49.Nxa5 Kd7
50.Kg3 Bb6 51.Kf4 Kc7 52.Nc4 Bf2 53.Ke5 Kc6 54.Kxe6 Kb5 55.Ne5  1/2-1/2

[Event "Moscow Open 2012 A"]
[Site "Moscow RUS"]
[Date "2012.01.30"]
[Round "3.54"]
[White "Kasyanov,An"]
[Black "Sharafiev,A"]
[Result "0-1"]
[WhiteElo "2209"]
[BlackElo "2443"]

1.e4 c5 2.Nf3 e6 3.d4 cxd4 4.Nxd4 Nc6 5.Nc3 Qc7 6.Be2 a6 7.O-O Nf6 8.Nxc6 dxc6
9.f4 e5 10.fxe5 Qxe5 11.Bf4 Qc5+ 12.Kh1 Be6 13.e5 Nd5 14.Ne4 Qb4 15.c4 Nxf4
16.Rxf4 Qxb2 17.Ng5 Qxe5 18.Nxe6 fxe6 19.Rf1 Bd6 20.g3 O-O-O 21.Rb1 Qe4+
22.Bf3 Qxc4 23.Rc1 Qxa2 24.Rc2 Qa5 25.Qe2 Qe5 26.Rxc6+ bxc6 27.Qxa6+ Kd7
28.Qb7+ Bc7 29.Bxc6+ Ke7 30.Qb4+ Rd6 31.Qh4+ g5  0-1

[Event "Moscow Open 2012 A"]
[Site "Moscow RUS"]
[Date "2012.01.30"]
[Round "3.37"]
[White "Lastin,A"]
[Black "Aldokhin,I"]
[Result "1-0"]
[WhiteElo "2538"]
[BlackElo "2376"]

1.e4 c5 2.Nf3 e6 3.d4 cxd4 4.Nxd4 Nc6 5.Nc3 Qc7 6.Be2 Nf6 7.Be3 a6 8.O-O Be7
9.f4 d6 10.a4 O-O 11.Kh1 Re8 12.Bf3 Rb8 13.Qe1 Bf8 14.Qf2 e5 15.Nde2 b5 16.axb5 axb5
17.f5 Nb4 18.Bg5 Be7 19.Ng3 Qc5 20.Qd2 h6 21.Bxh6 gxh6 22.Qxh6 Nh7 23.Bh5 Bg5
24.Bxf7+ Kh8 25.Qg6 Bd7 26.f6 Rg8 27.Bxg8 Rxg8 28.Ra8 Bc8 29.Qf7 Qc4 30.Qe7 Bh6
31.Ra7 Nf8 32.f7 Rg6 33.Rc7 Qe6 34.Nf5 Rf6 35.Qd8 Ba6 36.Rd1 d5 37.Nxh6  1-0

[Event "Moscow Open 2012 A"]
[Site "Moscow RUS"]
[Date "2012.01.30"]
[Round "3.31"]
[White "Aitbayev,A"]
[Black "Socko,B"]
[Result "0-1"]
[WhiteElo "2386"]
[BlackElo "2636"]

1.e4 c5 2.Nf3 e6 3.d4 cxd4 4.Nxd4 Nc6 5.Nc3 Qc7 6.Be3 a6 7.Qd2 Nf6 8.f3 Bb4
9.O-O-O O-O 10.g4 b5 11.g5 Ne8 12.a3 Be7 13.Nf5 exf5 14.Nd5 Qb7 15.exf5 Nc7
16.f6 Bd8 17.fxg7 Re8 18.Nf6+ Bxf6 19.gxf6 Ne5 20.Bd4 Qc6 21.Qh6 d5 22.Rd3 Bf5
23.Rc3 Nc4 24.Bd3 Qe6 25.Kb1 b4 26.Qf4 Bxd3 27.Rxd3 bxa3 28.Qxc7 axb2 29.Rhd1 Rac8
30.Qa7 Qe2 31.Bc5 Na3+ 32.Rxa3 Qxd1+ 33.Kxb2 Re2 34.Rc3 d4 35.Rc4 d3  0-1

[Event "85th ch-St Petersburg SF"]
[Site "St Petersburg RUS"]
[Date "2012.01.30"]
[Round "3.5"]
[White "Pershin,Denis"]
[Black "Alekseenko,K"]
[Result "0-1"]
[WhiteElo "2096"]
[BlackElo "2376"]

1.e4 c5 2.Nf3 Nc6 3.d4 cxd4 4.Nxd4 e6 5.Nc3 a6 6.Be2 Qc7 7.a4 Nf6 8.O-O Bb4
9.Nxc6 bxc6 10.Qd3 a5 11.Bg5 Bd6 12.f4 h6 13.Bxf6 gxf6 14.e5 fxe5 15.fxe5 Bc5+
16.Kh1 Qxe5 17.Rae1 d5 18.Bf3 Qd4 19.Bh5 Qxd3 20.Bxf7+ Ke7 21.cxd3 Rf8 22.Bg6 Ba6
23.Rc1 Be3 24.Rce1 Bd4 25.g3 Rab8 26.Rxf8 Rxf8 27.Ne2 Bxb2 28.Rb1 Rb8 29.Nd4 Kd6
30.h4 Rb7 31.Nc2 Be5 32.Rxb7 Bxb7 33.g4 c5 34.Kg2 Bc6 35.g5 hxg5 36.h5 Bxa4
37.Ne3 Bd4 38.Ng4 Bd1 39.Nh2 a4  0-1

[Event "Gibraltar Open"]
[Site "Caleta ENG"]
[Date "2012.01.31"]
[Round "8.49"]
[White "Urbina Perez,J"]
[Black "Molina,Rob"]
[Result "0-1"]
[WhiteElo "2210"]
[BlackElo "2415"]

1.e4 c5 2.Nf3 e6 3.d4 cxd4 4.Nxd4 Nc6 5.Nc3 Qc7 6.Be3 a6 7.Bd3 Nf6 8.O-O Nxd4
9.Bxd4 Bc5 10.Bxc5 Qxc5 11.Qe2 d6 12.Rae1 O-O 13.Kh1 e5 14.f4 exf4 15.Rxf4 Qe5
16.Ref1 Be6 17.Nd1 Rac8 18.c4 Nd7 19.Ne3 g6 20.h3 Qa5 21.b3 Qe5 22.R4f2 Nc5
23.Nc2 Rce8 24.Rd1 Bd7 25.Ne1 Bc6 26.Nf3 Qg3 27.b4 Nxe4 28.Bxe4 Rxe4 29.Qd2 Rfe8
30.a3 Re3 31.Ng1 Re1  0-1

[Event "ch-TUR 2012"]
[Site "Kemer TUR"]
[Date "2012.01.31"]
[Round "5"]
[White "Ceylan,M"]
[Black "Ercan,F"]
[Result "0-1"]
[WhiteElo "1910"]
[BlackElo "2022"]

1.e4 c5 2.Nf3 Nc6 3.d4 cxd4 4.Nxd4 e6 5.Nc3 a6 6.Bc4 Nge7 7.O-O Nxd4 8.Qxd4 Nc6
9.Qe3 b5 10.Bd3 d6 11.a3 Ra7 12.f4 Be7 13.Qg3 O-O 14.Be3 Rd7 15.e5 h6 16.Ne4 Bh4
17.Qg4 dxe5 18.f5 exf5 19.Rxf5 Rxd3 20.cxd3 g6 21.Raf1 h5 22.Qxg6+ fxg6 23.Rxf8+ Qxf8
24.Rxf8+ Kxf8 25.g3 Be7 26.Kf2 Nd4  0-1

[Event "Moscow Open 2012 A"]
[Site "Moscow RUS"]
[Date "2012.01.31"]
[Round "4.34"]
[White "Chigaev,M"]
[Black "Bukavshin,I"]
[Result "0-1"]
[WhiteElo "2397"]
[BlackElo "2517"]

1.e4 c5 2.Nf3 e6 3.d4 cxd4 4.Nxd4 Nc6 5.Nc3 Qc7 6.g3 a6 7.Bg2 Nf6 8.O-O d6
9.Re1 Nd7 10.Nb3 Be7 11.a4 b6 12.Be3 Bb7 13.f4 O-O 14.Bf2 Nb4 15.Nd4 Rac8
16.g4 g6 17.Nf3 Nf6 18.Nd2 Rfd8 19.f5 d5 20.fxe6 dxe4 21.exf7+ Kf8 22.Ncxe4 Bxe4
23.Bxe4 Qf4 24.Qf3 Qxg4+ 25.Qxg4 Nxg4 26.Nf3 Nxf2 27.Kxf2 Nxc2 28.Bxc2 Rxc2+
29.Re2 Bc5+ 30.Kf1 Rxe2 31.Kxe2 Kxf7 32.a5 Rb8 33.axb6 Rxb6 34.Kd3 Be7 35.Ne5+ Kg7
36.Nc4 Rb3+ 37.Kd4 Rh3 38.Rxa6 Rh4+ 39.Kd3 Rxh2 40.Ra7 Kf6 41.Ra1 Kg5 42.Rg1+ Kh5
43.Re1 Rh3+ 44.Ke4 Bf6 45.b4 Rb3 46.Rh1+ Bh4 47.Ne3 Rxb4+ 48.Kf3 g5 49.Ng2 Rb3+
50.Ke2 Rb2+ 51.Kf3 Rf2+  0-1

[Event "Moscow Open Women 2012"]
[Site "Moscow RUS"]
[Date "2012.01.31"]
[Round "4.40"]
[White "Xu Huahua"]
[Black "Martynyuk,Elizaveta"]
[Result "1/2-1/2"]
[WhiteElo "2134"]
[BlackElo "1857"]

1.e4 c5 2.Nf3 e6 3.d4 cxd4 4.Nxd4 Nc6 5.Nc3 Qc7 6.g3 a6 7.Bg2 Nf6 8.O-O Bc5
9.Be3 Nxd4 10.Bxd4 d6 11.Bxf6 gxf6 12.Qf3 Ke7 13.Rfe1 Bd4 14.Rad1 Bxc3 15.bxc3 e5
16.Re3 Be6 17.Red3 Rad8 18.Qh5 Rhg8 19.Bh3 Rg5 20.Qxh7 Bxa2 21.Bg2 Bc4 22.h4 Rgg8
23.Rxd6 Rxd6 24.Rxd6 Rxg3 25.Rd2 Rg4 26.Qh8 Be6 27.f3 Rf4 28.Kh2 f5 29.exf5 e4
30.Kh1 exf3 31.fxe6 fxg2+ 32.Kg1 Qc5+ 33.Rd4 Rxd4 34.cxd4 Qf5 35.Kxg2 Qxc2+
36.Kg1 Qg6+ 37.Kh1 Qe4+ 38.Kg1 Qxe6 39.h5 Qg4+ 40.Kh1 Qf3+ 41.Kh2 Qf2+ 42.Kh3 Qf3+
43.Kh2 Qf2+ 44.Kh3 Qf3+ 45.Kh2  1/2-1/2

[Event "17th HIT Open A"]
[Site "Nova Gorica SLO"]
[Date "2012.01.31"]
[Round "7"]
[White "Ceschia,I"]
[Black "Neverov,V"]
[Result "1/2-1/2"]
[WhiteElo "2319"]
[BlackElo "2541"]

1.e4 c5 2.Nf3 e6 3.d4 cxd4 4.Nxd4 Nc6 5.Nc3 Qc7 6.Be3 Nf6 7.Qd2 Bb4 8.f3 a6
9.O-O-O Ne7 10.Nde2 d5 11.a3 Ba5 12.b4 Bb6 13.exd5 Nexd5 14.Nxd5 Nxd5 15.Bxb6 Qxb6
16.c4 Qc7 17.Ng3 b5 18.Nh5 Qe5 19.Nxg7+ Qxg7 20.cxd5 Bb7 21.Qd4 Rc8+ 22.Kb2 Qxd4+
23.Rxd4 Bxd5 24.Be2 Rg8 25.g3 Rg5 26.f4 Rg8 27.Ra1 Ke7 28.a4 Rc7 29.axb5 Rgc8
30.Bd3 axb5 31.Ra5 Rc3 32.Ra3 Rxa3 33.Kxa3 Ra8+ 34.Kb2 Ra2+ 35.Kc3 Rxh2 36.Bxb5 h5
37.Bc4 Rg2 38.Rd3 Kd6 39.f5  1/2-1/2

[Event "Gibraltar Open"]
[Site "Caleta ENG"]
[Date "2012.02.01"]
[Round "9.74"]
[White "Carlsten,P"]
[Black "Rowe,D"]
[Result "0-1"]
[WhiteElo "2030"]
[BlackElo "2236"]

1.e4 c5 2.Nf3 Nc6 3.d4 cxd4 4.Nxd4 e6 5.Nc3 Nf6 6.Ndb5 d6 7.Bf4 e5 8.Bg5 a6
9.Bxf6 gxf6 10.Na3 b5 11.Nd5 Bg7 12.Bd3 Ne7 13.Nxe7 Qxe7 14.O-O f5 15.Qf3 d5
16.Qg3 Kf8 17.exd5 e4 18.d6 Qe5 19.Be2 Qxg3 20.hxg3 Bxb2 21.Rad1 Be6 22.Nb1 Bxa2
23.c4 bxc4 24.Rd5 c3 25.Rc5 Bxb1 26.Rxb1 Kg7 27.Bd1 Rhd8 28.Rc6 a5 29.Ba4 Rab8
30.Rd1 Rb4 31.d7 Rxa4 32.Rc8 c2  0-1

[Event "Gibraltar Open"]
[Site "Caleta ENG"]
[Date "2012.02.01"]
[Round "9.65"]
[White "Seps,M"]
[Black "Aranha Filho,A"]
[Result "1/2-1/2"]
[WhiteElo "2182"]
[BlackElo "2307"]

1.e4 c5 2.Nc3 e6 3.Nf3 Nc6 4.d4 cxd4 5.Nxd4 Qc7 6.Nb3 a6 7.Bd3 Bd6 8.Qg4 Be5
9.f4 Nf6 10.Qf3 Nd4 11.Qf1 Nxb3 12.fxe5 Nxc1 13.exf6 Nxd3+ 14.cxd3 Qe5 15.fxg7 Qxg7
16.Qf4 Rg8 17.Rf1 b5 18.Rc1 Bb7 19.Ne2 Bc6 20.Qc7 Rd8 21.Ng3 Qd4 22.Rxc6 Qe3+
23.Ne2 Rxg2 24.Rc2 Qxd3 25.Qc3 Qxe4 26.Qh8+ Ke7 27.Qf6+ Kd6 28.Kd1 Rdg8 29.Kc1 Qe3+
30.Kb1 Qd3 31.Qf4+ Kd5 32.Qxf7 Kd6 33.Qf4+ Ke7 34.Qf7+ Kd6 35.Qf4+ Ke7 36.Qf7+  1/2-1/2

[Event "Gibraltar Open"]
[Site "Caleta ENG"]
[Date "2012.02.01"]
[Round "9.5"]
[White "Howell,D"]
[Black "Movsesian,S"]
[Result "1/2-1/2"]
[WhiteElo "2603"]
[BlackElo "2700"]

1.e4 c5 2.Nf3 e6 3.d4 cxd4 4.Nxd4 Nc6 5.Nc3 a6 6.Nxc6 bxc6 7.Bd3 d5 8.O-O Nf6
9.Re1 Be7 10.e5 Nd7 11.Na4 O-O 12.c4 Bb7 13.Bf4 g6 14.Rc1 c5 15.cxd5 Bxd5
16.b3 Qc7 17.Qg4 Bc6 18.Nb2 Rfd8 19.Qg3 Nb6 20.Be3 Nd7 21.Bf4 Nb6 22.Be3 Nd7
23.Bg5 Bxg5 24.Qxg5 Bb5 25.Bb1 a5 26.h4 Nf8 27.Nd1 Bd3 28.Bxd3 Rxd3 29.h5 Qd8
30.Qxd8 Raxd8 31.Ne3 Nd7 32.hxg6 hxg6 33.Nc4 Kf8 34.Ra1 Ra8 35.Rad1 Rd5 36.a4 g5
37.f3 Ra6 38.Kf2 Nb6 39.Na3 Ra8 40.g3 Rad8 41.Rc1 Ke7 42.Re2 Rd3 43.Re3 Rd2+
44.Re2 R8d3 45.Nc4 Nxc4  1/2-1/2

[Event "Moscow Open A 2012"]
[Site "Moscow RUS"]
[Date "2012.02.01"]
[Round "5"]
[White "Lastin,A"]
[Black "Timofeev,Arty"]
[Result "1-0"]
[WhiteElo "2538"]
[BlackElo "2659"]

1.e4 c5 2.Nf3 e6 3.d4 cxd4 4.Nxd4 Nc6 5.Nc3 Qc7 6.Be2 Nf6 7.Be3 b6 8.O-O Nxd4
9.Bxd4 e5 10.Be3 Bb7 11.Bd3 Bb4 12.Nb5 Qc6 13.a3 Bc5 14.Bxc5 Qxc5 15.b4 Qc6
16.f4 d6 17.Nxd6+ Qxd6 18.Bb5+ Ke7 19.Qxd6+ Kxd6 20.Rad1+ Ke6 21.Bc4+ Ke7
22.fxe5 Rac8 23.exf6+ gxf6 24.Bb3 Rhg8 25.Rf4 Rg5 26.Rdf1 Rcg8 27.g3 R8g6
28.Kf2 Rh5 29.h4 Re5 30.Re1 Rg8 31.Bc4 Bc8 32.Re3 f5 33.Ref3 Rd8 34.Bd3 fxe4
35.Rxf7+ Kd6 36.Bxe4 Rxe4 37.Rd3+ Ke6 38.Rxd8 Kxf7 39.Rxc8 h5 40.Kf3  1-0

[Event "Gibraltar Open"]
[Site "Caleta ENG"]
[Date "2012.02.02"]
[Round "10.47"]
[White "Bisby,D"]
[Black "Molina,Rob"]
[Result "0-1"]
[WhiteElo "2264"]
[BlackElo "2415"]

1.e4 c5 2.Nf3 e6 3.d4 cxd4 4.Nxd4 Nc6 5.Nc3 Qc7 6.Be3 a6 7.Qd2 Nf6 8.O-O-O Bb4
9.f3 O-O 10.a3 Be7 11.g4 b5 12.g5 Nh5 13.Nce2 Rd8 14.Ng3 Nxd4 15.Qxd4 Nf4
16.Kb1 e5 17.Bxf4 d6 18.Qd2 exf4 19.Qxf4 Rb8 20.Nf5 b4 21.a4 b3 22.cxb3 Rxb3
23.Rc1 Qb7 24.Nxe7+ Qxe7 25.Bc4 Rb4 26.Rhd1 Be6 27.Bd5 Rxa4 28.Rc6 Ra5 29.Qd2 Bxd5
30.exd5 Rb5 31.Rdc1 Qe5 32.Rc8 Rb8 33.Rxb8 Rxb8 34.f4 Qe8 35.Rc6 g6 36.Qd4 Qe1+
37.Rc1 Qe2 38.Rc2 Qb5 39.h4 Re8 40.Rc1 Qe2 41.Rc7 Qe1+ 42.Rc1 Qxh4 43.Qf6 h6
44.Qxd6 hxg5 45.Qc6 Rf8 46.fxg5 Qxg5 47.d6 Qf5+ 48.Ka1 Rd8 49.Rd1 Qb5 50.Qc2 Qa5+
51.Kb1 Qf5 52.Qxf5 gxf5 53.Kc2 Kg7 54.Kc3 Kf6 55.Kc4 Ke6 56.Kc5 Kd7 57.Ra1 Rc8+
58.Kd5 Rc6 59.Ke5 Rxd6 60.Kxf5 Kc7 61.Ke5 f6+ 62.Kf5 Kb6 63.Ra3 Kb5 64.Rb3+ Ka5
65.Rb8 Ka4 66.b4 Kb3 67.Rb7 Kc4 68.Rb8 Rd5+ 69.Kxf6 Rb5 70.Ra8 Rb6+ 71.Ke5 Kxb4
72.Kd4 a5 73.Kd3 Rc6 74.Kd2 a4 75.Ra7 Kb3 76.Ra8 a3 77.Rb8+ Ka2 78.Ra8 Kb2
79.Rb8+ Ka1 80.Ra8 a2 81.Ra7 Rc5 82.Rb7 Rh5 83.Kc2 Rh1 84.Ra7 Rb1 85.Ra8 Rb5  0-1

[Event "ch-TUR 2012"]
[Site "Kemer TUR"]
[Date "2012.02.02"]
[Round "7"]
[White "Sarikaya,Ergun"]
[Black "Bakan,Erkan"]
[Result "1-0"]
[WhiteElo "1954"]
[BlackElo "1587"]

1.e4 c5 2.Nf3 e6 3.Nc3 Nc6 4.d4 cxd4 5.Nxd4 d6 6.Be3 Nf6 7.f3 a6 8.a3 Be7
9.Qd2 Nxd4 10.Bxd4 b5 11.h4 Bb7 12.g4 Rc8 13.Bd3 e5 14.Be3 Nd7 15.g5 Nc5
16.h5 Ne6 17.Rg1 g6 18.h6 O-O 19.O-O-O Nc5 20.f4 Qa5 21.Kb1 Qc7 22.f5 d5
23.exd5 Bd6 24.Ne4 Nxe4 25.Bxe4 a5 26.Qd3 Ba6 27.fxg6 b4 28.gxf7+ Kh8 29.Qxa6 bxa3
30.g6 hxg6 31.Rxg6 Rb8 32.Qxd6 Rxb2+ 33.Ka1 Ra2+ 34.Kxa2 Qc4+ 35.Kxa3 Qc3+
36.Ka2 Qc4+ 37.Kb2  1-0